Kosovo's Declaration of Independence from Point of View of International Public Law

Otázka uznania Kosova patrí k jednej z najkontroverznejších tém v medzinárodnom spoločenstve už viac ako desať rokov od vyhlásenia nezávislosti Kosova. Skutočnosť, že vzájomné vzťahy medzi Srbskom a Kosovom ešte nie sú urovnané, výrazne blokuje vstup Srbska a v budúcnosti možno aj Kosova do Európske...

Descrizione completa

Salvato in:
Dettagli Bibliografici
Autore principale: Beňová, Zuzana, 1996-
Natura: Capitolo di libro
Lingua:inglese
Soggetti:
Tags: Aggiungi Tag
Nessun Tag, puoi essere il primo ad aggiungerne!!

MARC

LEADER 00000naa a2200000 4500
001 0280006
005 20240502083852.0
041 0 |a eng 
044 |a UA 
245 1 0 |a Kosovo's Declaration of Independence from Point of View of International Public Law  |c Zuzana Beňová 
520 |a Otázka uznania Kosova patrí k jednej z najkontroverznejších tém v medzinárodnom spoločenstve už viac ako desať rokov od vyhlásenia nezávislosti Kosova. Skutočnosť, že vzájomné vzťahy medzi Srbskom a Kosovom ešte nie sú urovnané, výrazne blokuje vstup Srbska a v budúcnosti možno aj Kosova do Európskej únie. Legitimita vyhlásenia nezávislosti Kosova z pohľadu medzinárodného práva verejného. 
610 2 0 |a Kosovo 
610 2 0 |a Srbsko 
610 2 0 |a právo verejné medzinárodné 
610 2 0 |a nezávislosť 
100 1 |a Beňová, Zuzana, 1996-